Tienes que saber - Abraham Mateo, Naiara - Estadísticas

Estadísticas generales
  • Esta prueba ha sido intentada 35 veces
  • La puntuación promedio es 220 de 284
Estadísticas de respuestas
Letra % Correcto
a
90%
cala
90%
en
90%
es
90%
Que
90%
que
90%
qué
90%
saber
90%
ti
90%
Tienes
90%
90%
90%
un
90%
y
90%
Y
90%
ansiedad
80%
Cada
80%
cada
80%
cama
80%
cómo
80%
como
80%
De
80%
de
80%
dejaste
80%
di
80%
día
80%
días
80%
diecinueve
80%
echo
80%
el
80%
La
80%
la
80%
me
80%
Me
80%
menos
80%
mí?
80%
mierda
80%
no
80%
No
80%
noches
80%
noventa
80%
otro
80%
pa
80%
pasó
80%
por
80%
Porque
80%
quinientas
80%
roto
80%
80%
segunda
80%
Si
80%
siento
80%
Siento
80%
sin
80%
te
80%
Te
80%
una
80%
vacía
80%
vas
80%
vez
80%
vuelve
80%
con
70%
contigo
70%
crónico
70%
cuenta
70%
da
70%
dormir
70%
Fué
70%
fuerte
70%
has
70%
ido
70%
insomnio
70%
lo
70%
neumonía
70%
pal
70%
para
70%
pastillas
70%
pecho
70%
pienso
70%
quedan
70%
repente
70%
Sufro
70%
sufro
70%
tal
70%
Van
70%
yo
70%
casa
60%
cien
60%
come
60%
conmigo
60%
doy
60%
enloquecer
60%
escape
60%
llave
60%
llevaste
60%
mismo
60%
necesito
60%
quién
60%
room
60%
Ya
60%
ya
60%
bien
50%
eres
50%
inquietud
50%
mía
50%
sentirme
50%
Tengo
50%
voy
50%
barra
40%
contesta
40%
Dime
40%
dónde
40%
está
40%
perdía
40%
salud
40%
recuerdo
30%
roja
30%
Llamo
20%
No se encontraron pruebas coincidentes
Distribución de puntuación
Porcentaje de gente con cada puntuación
Porcentaje por número respondido
Historial de tus puntuaciones
No has intentado esta prueba.